[Event "Benidorm 2003 - sub2300"]
[Site "Benidorm ESP"]
[Date "2003.11.26"]
[Round "7.48"]
[White "Carlan, Ionut"]
[Black "Pizarro Segura, Eduardo"]
[Result "1/2-1/2"]
[WhiteElo "2061"]
[BlackElo "2147"]
[PlyCount "97"]
[EventDate "2003.11.21"]
[EventType "swiss"]
[EventRounds "9"]
[EventCountry "ESP"]
[Source "lmi"]
[SourceDate "2003.11.21"]

1. e4 c5 2. Nf3 Nc6 3. d4 cxd4 4. Nxd4 Nf6 5. Nc3 e5 6. Ndb5 d6 7. Bg5 a6 8.
Na3 Be6 9. Nc4 Rc8 10. Ne3 Nd4 11. Bd3 Be7 12. O-O O-O 13. Bxf6 Bxf6 14. Ncd5
Bg5 15. c3 Nc6 16. g3 Ne7 17. f4 Bxd5 18. fxg5 Qb6 19. Qe2 Bc6 20. Rf2 Bb5 21.
a4 Bxd3 22. Qxd3 Rcd8 23. a5 Qc6 24. Rd1 f6 25. gxf6 Rxf6 26. Rxf6 gxf6 27. b4
Kf7 28. Nd5 Rc8 29. Rf1 f5 30. Qf3 Nxd5 31. Qxf5+ Kg8 32. Qe6+ Kh8 33. exd5
Qxc3 34. Qf6+ Kg8 35. Qe6+ Kh8 36. Qxd6 Rg8 37. Qf6+ Rg7 38. d6 Qe3+ 39. Rf2
Qe1+ 40. Kg2 Qe4+ 41. Qf3 Qd4 42. Qf8+ Rg8 43. Qf6+ Rg7 44. h4 Qd5+ 45. Kh2 e4
46. Qd8+ Rg8 47. Qf6+ Rg7 48. Qd8+ Rg8 49. Qf6+ 1/2-1/2

[Event "Benidorm 2003 - sub2300"]
[Site "Benidorm ESP"]
[Date "2003.11.26"]
[Round "7.49"]
[White "Andres Julia, Vicente Ramon"]
[Black "Gomez Benitez, David"]
[Result "0-1"]
[WhiteElo "2047"]
[BlackElo "2139"]
[PlyCount "136"]
[EventDate "2003.11.21"]
[EventType "swiss"]
[EventRounds "9"]
[EventCountry "ESP"]
[Source "lmi"]
[SourceDate "2003.11.21"]

1. e4 c5 2. Nc3 Nc6 3. f4 e6 4. Nf3 a6 5. d3 d5 6. g3 dxe4 7. Nxe4 Nf6 8. Qe2
Be7 9. Bg2 O-O 10. O-O Qc7 11. b3 Nd4 12. Qf2 Ng4 13. Qd2 Nh6 14. Bb2 Nhf5 15.
Qf2 Bd7 16. g4 Nxf3+ 17. Bxf3 Nd4 18. Bg2 Bc6 19. f5 exf5 20. gxf5 Bxe4 21.
Bxe4 Bf6 22. Qg2 Rfe8 23. Rae1 Re7 24. Re3 Kh8 25. Kh1 Rae8 26. Rg3 Nxf5 27.
Bxf5 Bxb2 28. Be4 g6 29. Rh3 Bd4 30. Bf3 b6 31. Be4 Qe5 32. Qg3 Qxg3 33. Rxg3
f5 34. Bf3 Re1 35. Kg2 Kg7 36. Bb7 R1e2+ 37. Kh3 Rxc2 38. Rg2 Re3+ 39. Rf3 Rxg2
40. Rxe3 Rxh2+ 41. Kxh2 Bxe3 42. Bxa6 f4 43. Bb7 Kf6 44. Kg2 g5 45. Bf3 Bd4 46.
Kh3 h6 47. Kg4 Bf2 48. Kh5 Ke5 49. Kxh6 Bh4 50. Kh5 Kd4 51. Be4 Ke3 52. Kg4 Ke2
53. Bd5 Kxd3 54. Kf3 b5 55. Bc6 b4 56. Bd5 Kc3 57. Be6 Kb2 58. Bc4 Kxa2 59. Be6
Kb2 60. Bc4 Kc3 61. Be6 Kd4 62. Bc4 Ke5 63. Bd3 Be1 64. Bg6 c4 65. bxc4 Kd4 66.
Ke2 Bc3 67. Bh5 Kxc4 68. Kd1 Kd3 0-1

[Event "Benidorm 2003 - sub2300"]
[Site "Benidorm ESP"]
[Date "2003.11.26"]
[Round "7.50"]
[White "Pons Servera, Cristobal"]
[Black "Correas Gonzalez, Jose Ramon"]
[Result "1/2-1/2"]
[WhiteElo "2133"]
[BlackElo "2107"]
[PlyCount "121"]
[EventDate "2003.11.21"]
[EventType "swiss"]
[EventRounds "9"]
[EventCountry "ESP"]
[Source "lmi"]
[SourceDate "2003.11.21"]

1. d4 Nf6 2. c4 g6 3. Nc3 Bg7 4. e4 d6 5. Nf3 O-O 6. Be2 e5 7. O-O Nc6 8. d5
Ne7 9. Be3 Nd7 10. Nd2 f5 11. f3 f4 12. Bf2 g5 13. b4 Rf6 14. c5 Rh6 15. Nc4
Qe8 16. g4 fxg3 17. Bxg3 a6 18. cxd6 cxd6 19. Ne3 Nf6 20. Ng4 Rg6 21. Qb3 Kh8
22. Nxf6 Bxf6 23. Nd1 Bh3 24. Re1 h5 25. Kh1 h4 26. Bf2 g4 27. fxg4 Bxg4 28.
Ne3 Bxe2 29. Rxe2 Qd7 30. Rg1 Rag8 31. Ree1 Bg5 32. Qd1 Qh3 33. Qh5+ Rh6 34.
Qg4 Qxg4 35. Nxg4 Rhg6 36. Be3 Bf4 37. Bxf4 Rxg4 38. Rxg4 Rxg4 39. Bd2 Ng8 40.
h3 Rg3 41. Kh2 Nf6 42. Re2 Nh5 43. Rf2 Kg7 44. Rf5 Nf6 45. Bg5 Nxe4 46. Bxh4
Ra3 47. Be7 Rxa2+ 48. Kg1 Rd2 49. h4 Rxd5 50. h5 Rd3 51. Kh2 Rb3 52. Bf8+ Kh8
53. h6 Rxb4 54. Bg7+ Kh7 55. Rf7 Ng5 56. Rd7 Rh4+ 57. Kg3 Rh1 58. Kg4 Ne6 59.
Bxe5+ Kg8 60. Bxd6 Rxh6 61. Rxb7 1/2-1/2

[Event "Benidorm 2003 - sub2300"]
[Site "Benidorm ESP"]
[Date "2003.11.26"]
[Round "7.52"]
[White "Moreno de la Fuente, Jose A"]
[Black "Fernandez Otero, Jose"]
[Result "1-0"]
[WhiteElo "2128"]
[BlackElo "2104"]
[PlyCount "119"]
[EventDate "2003.11.21"]
[EventType "swiss"]
[EventRounds "9"]
[EventCountry "ESP"]
[Source "lmi"]
[SourceDate "2003.11.21"]

1. e4 c5 2. Nf3 d6 3. c3 Nf6 4. h3 Nc6 5. d4 cxd4 6. cxd4 Nxe4 7. d5 Qa5+ 8.
Nc3 Nxc3 9. bxc3 Ne5 10. Nxe5 Qxc3+ 11. Bd2 Qxe5+ 12. Be2 Bd7 13. O-O Rc8 14.
Be3 b6 15. Rc1 Rxc1 16. Qxc1 Qxd5 17. Bf3 Qxa2 18. Qc7 f6 19. Rd1 e6 20. Bd4 e5
21. Ra1 Qe6 22. Rxa7 d5 23. Bxb6 e4 24. Qd8+ Kf7 25. Rxd7+ Kg6 26. Bg4 f5 27.
Rxd5 fxg4 28. Qg5+ Kf7 29. Rf5+ Kg8 30. Bd4 Qg6 31. Qf4 Bd6 32. Qxe4 h5 33.
Rf8+ Bxf8 34. Qxg6 Rh6 35. Qe8 gxh3 36. gxh3 h4 37. Be3 Rf6 38. Bg5 Rf7 39.
Bxh4 Rc7 40. Bg3 Re7 41. Qg6 Ra7 42. h4 Rf7 43. Qe6 Be7 44. Kg2 Bf6 45. Kh3 g6
46. Kg4 Kg7 47. h5 Re7 48. Qd5 gxh5+ 49. Kxh5 Re8 50. Qd7+ Re7 51. Qf5 Kf7 52.
f4 Re8 53. Qd5+ Kg7 54. Kg4 Rd8 55. Qb7+ Kh8 56. Kf5 Bg7 57. Bh4 Rg8 58. Qh1
Rf8+ 59. Kg6 Kg8 60. Be7 1-0

[Event "Benidorm 2003 - sub2300"]
[Site "Benidorm ESP"]
[Date "2003.11.26"]
[Round "7.53"]
[White "Vicente Torrecillas, Fran"]
[Black "Christensen, Esben"]
[Result "1/2-1/2"]
[WhiteElo "2128"]
[BlackElo "2083"]
[PlyCount "146"]
[EventDate "2003.11.21"]
[EventType "swiss"]
[EventRounds "9"]
[EventCountry "ESP"]
[Source "lmi"]
[SourceDate "2003.11.21"]

1. d4 Nf6 2. c4 c5 3. d5 b5 4. cxb5 a6 5. bxa6 Bxa6 6. Nc3 g6 7. Nf3 d6 8. e4
Bxf1 9. Kxf1 Nbd7 10. g3 Bg7 11. Kg2 O-O 12. h3 Qb6 13. Re1 Rfb8 14. Re2 Ra7
15. Bf4 Nh5 16. Bg5 Ne5 17. Nxe5 Bxe5 18. Rc1 Qb4 19. Rcc2 Nf6 20. Qc1 Rba8 21.
f4 Bxc3 22. bxc3 Qc4 23. Bxf6 exf6 24. Qb1 Ra3 25. Qa1 f5 26. exf5 Qxd5+ 27.
Kh2 Qxf5 28. c4 Qd3 29. Qe1 h5 30. h4 Rb8 31. Red2 Qf5 32. Qe2 Qf6 33. Qd1 Rb6
34. Rd5 Rb2 35. Rxb2 Qxb2+ 36. Rd2 Qc3 37. Qe1 Qxc4 38. Rxd6 Rxa2+ 39. Kh3 Qe2
40. Qxe2 Rxe2 41. Rc6 Rc2 42. f5 gxf5 43. Rf6 Rf2 44. Rc6 f4 45. Rxc5 Rf3 46.
Rg5+ Kf8 47. Rxh5 Rxg3+ 48. Kh2 Ra3 49. Rf5 Ra4 50. Kh3 Kg7 51. Kg4 f3+ 52. Kg5
f6+ 53. Kh5 Ra3 54. Kg4 Ra4+ 55. Kg3 Kg6 56. Rxf3 f5 57. Kh3 Re4 58. Rg3+ Kf6
59. h5 f4 60. Rg8 Re3+ 61. Kh4 Kf7 62. Rg4 Rf3 63. h6 Rf1 64. Kg5 Rh1 65. Rxf4+
Kg8 66. Kg6 Rg1+ 67. Kh5 Rh1+ 68. Kg6 Rg1+ 69. Kf6 Kh7 70. Rf2 Rg6+ 71. Kf5
Rxh6 72. Ra2 Rb6 73. Ra7+ Kg8 1/2-1/2

[Event "Benidorm 2003 - sub2300"]
[Site "Benidorm ESP"]
[Date "2003.11.26"]
[Round "7.54"]
[White "Martin Rodriguez, Emilio"]
[Black "Delgado Pico, Lluis"]
[Result "1/2-1/2"]
[WhiteElo "2125"]
[BlackElo "2052"]
[PlyCount "103"]
[EventDate "2003.11.21"]
[EventType "swiss"]
[EventRounds "9"]
[EventCountry "ESP"]
[Source "lmi"]
[SourceDate "2003.11.21"]

1. d4 Nf6 2. c4 g6 3. Nc3 Bg7 4. e4 d6 5. f4 O-O 6. Nf3 c5 7. Be2 cxd4 8. Nxd4
b6 9. e5 dxe5 10. fxe5 Nfd7 11. Bf3 Nxe5 12. Bxa8 Nxc4 13. Nde2 Qc7 14. O-O Rd8
15. Qe1 b5 16. Qf2 Bf5 17. Be4 Be6 18. Bf4 Qa5 19. Rad1 Rf8 20. Bd5 Nxb2 21.
Rd2 Nc4 22. Bxc4 Bxc4 23. Nd5 e5 24. Be3 f5 25. Rfd1 Nc6 26. Bc5 Re8 27. Qh4
Bxd5 28. Rxd5 Qxa2 29. Qe1 Qc4 30. Nc1 a5 31. Bb6 Bf8 32. Qe2 Qa4 33. Qxb5 Qxb5
34. Rxb5 Rb8 35. Na2 Na7 36. Rbb1 Rxb6 37. Rxb6 Bc5+ 38. Kf1 Bxb6 39. Rd6 Bd4
40. Ra6 Nb5 41. Rxa5 Nc3 42. Nb4 Nd1 43. Nc2 Ne3+ 44. Nxe3 Bxe3 45. Rxe5 Bf4
46. Re7 Bxh2 47. Ke2 Bd6 48. Rd7 Be5 49. Kf3 h6 50. g4 fxg4+ 51. Kxg4 Kf8 52.
Rb7 1/2-1/2

[Event "Benidorm 2003 - sub2300"]
[Site "Benidorm ESP"]
[Date "2003.11.26"]
[Round "7.57"]
[White "Ginsburg, Natan"]
[Black "Penillas Mendez, Ismael"]
[Result "1/2-1/2"]
[WhiteElo "2118"]
[BlackElo "2176"]
[PlyCount "98"]
[EventDate "2003.11.21"]
[EventType "swiss"]
[EventRounds "9"]
[EventCountry "ESP"]
[Source "lmi"]
[SourceDate "2003.11.21"]

1. e4 e5 2. Nf3 Nc6 3. Nc3 Nf6 4. d4 Bb4 5. Nxe5 Qe7 6. Qd3 Nxe5 7. dxe5 Qxe5
8. Bd2 O-O 9. O-O-O Qe6 10. Qg3 d6 11. Bd3 c6 12. Rde1 Bc5 13. e5 Ng4 14. exd6
Qxd6 15. Ne4 Qxg3 16. hxg3 Bb6 17. Rxh7 Kxh7 18. Nf6+ Kh8 19. Nxg4 Kg8 20. Rh1
Re8 21. Ne3 Be6 22. Bb4 c5 23. Bc3 Rac8 24. Nf5 Bxf5 25. Bxf5 Rcd8 26. Bh7+ Kf8
27. Bd3 f6 28. Bc4 Re4 29. b3 Bc7 30. Rh8+ Ke7 31. Rh7 Rg4 32. Be2 Rg6 33. Bh5
Rg5 34. Bd2 Rg8 35. Bxg5 fxg5 36. Bf3 Kf6 37. Bxb7 c4 38. Bd5 Rd8 39. Bxc4 Ba5
40. Bd3 Bc3 41. g4 a5 42. Rh5 a4 43. f4 axb3 44. fxg5+ Ke5 45. axb3 Kf4 46. g6
Re8 47. Rh1 Ra8 48. Rf1+ Kg3 49. Kd1 Kxg2 1/2-1/2

[Event "Benidorm 2003 - sub2300"]
[Site "Benidorm ESP"]
[Date "2003.11.26"]
[Round "7.58"]
[White "Perez Pascual, Arturo"]
[Black "Montell Zabay, Alberto"]
[Result "0-1"]
[WhiteElo "2095"]
[BlackElo "2163"]
[PlyCount "82"]
[EventDate "2003.11.21"]
[EventType "swiss"]
[EventRounds "9"]
[EventCountry "ESP"]
[Source "lmi"]
[SourceDate "2003.11.21"]

1. e4 g6 2. d4 Bg7 3. f4 d6 4. Nc3 Nf6 5. Nf3 c5 6. dxc5 Qa5 7. Bd3 Qxc5 8. Qe2
Nc6 9. Be3 Qa5 10. O-O O-O 11. Kh1 Bg4 12. Qe1 Bxf3 13. Rxf3 Ng4 14. Bd2 Qh5
15. h3 Nd4 16. Rg3 Nf6 17. Rg5 Qh6 18. f5 Nd7 19. Rg4 Nf3 20. gxf3 Qxh3+ 21.
Kg1 Bd4+ 22. Be3 Ne5 23. Qe2 Bxe3+ 24. Qxe3 Nxg4 25. Qf4 Ne5 26. Be2 Rac8 27.
Kf2 Kg7 28. Rg1 Qh6 29. Qg3 Qd2 30. Rh1 Qd4+ 31. Kf1 Nc4 32. Bd3 Nxb2 33. Qg5
Kh8 34. Ne2 Qf6 35. Qh6 Qg7 36. Qg5 Nxd3 37. cxd3 Rc7 38. Kf2 gxf5 39. Qxf5 Rc5
40. Qd7 Rc2 41. Ke3 Rxe2+ 0-1

[Event "Benidorm 2003 - sub2300"]
[Site "Benidorm ESP"]
[Date "2003.11.26"]
[Round "7.59"]
[White "Plaza Pardo, Daniel"]
[Black "Sanz Montarelo, Teodoro"]
[Result "0-1"]
[WhiteElo "2091"]
[BlackElo "2160"]
[PlyCount "62"]
[EventDate "2003.11.21"]
[EventType "swiss"]
[EventRounds "9"]
[EventCountry "ESP"]
[Source "lmi"]
[SourceDate "2003.11.21"]

1. e4 c5 2. Nf3 d6 3. d4 cxd4 4. Nxd4 Nf6 5. Nc3 g6 6. Be3 Bg7 7. f3 Nc6 8. Qd2
Bd7 9. h4 h5 10. Bc4 Rc8 11. Bb3 Ne5 12. Bg5 Nc4 13. Bxc4 Rxc4 14. Nde2 b5 15.
a3 Qc8 16. Rc1 a5 17. b3 Rc5 18. Be3 Rc7 19. Nd1 a4 20. O-O O-O 21. Bd4 axb3
22. cxb3 Be6 23. Rxc7 Qxc7 24. Qb2 d5 25. exd5 Bxd5 26. Ndc3 Bc6 27. Na2 Rd8
28. Be5 Qd7 29. Nb4 Bb7 30. Bc3 Qe6 31. Be5 Ng4 0-1

[Event "Benidorm 2003 - sub2300"]
[Site "Benidorm ESP"]
[Date "2003.11.26"]
[Round "7.60"]
[White "Fabre Massana, Miquel"]
[Black "Carretero Ajo, Jesus"]
[Result "1-0"]
[WhiteElo "2159"]
[BlackElo "2110"]
[PlyCount "67"]
[EventDate "2003.11.21"]
[EventType "swiss"]
[EventRounds "9"]
[EventCountry "ESP"]
[Source "lmi"]
[SourceDate "2003.11.21"]

1. e4 c5 2. Nf3 a6 3. c3 d5 4. exd5 Qxd5 5. d4 Nf6 6. Be2 Bg4 7. O-O e6 8. h3
Bh5 9. Be3 Nc6 10. dxc5 Be7 11. b4 O-O 12. Nbd2 Qd7 13. Qb3 Nd5 14. Nc4 Qc7 15.
Nb6 Nxe3 16. Nxa8 Qf4 17. Nb6 Nxf1 18. Rxf1 Ne5 19. Nd4 Bxe2 20. Nxe2 Qd2 21.
Nd4 Bd8 22. Nc4 Nxc4 23. Qxc4 Bf6 24. a4 Rd8 25. c6 bxc6 26. Nxc6 Rd3 27. Qxa6
g6 28. a5 Rxc3 29. Qb6 Qd5 30. b5 Rb3 31. a6 Rxb5 32. Qc7 Qa2 33. a7 Kg7 34.
Qb8 1-0

[Event "Benidorm 2003 - sub2300"]
[Site "Benidorm ESP"]
[Date "2003.11.26"]
[Round "7.61"]
[White "Ilmoni, Tommy"]
[Black "Saldana Caballe, Enric"]
[Result "1/2-1/2"]
[WhiteElo "2150"]
[BlackElo "2111"]
[PlyCount "25"]
[EventDate "2003.11.21"]
[EventType "swiss"]
[EventRounds "9"]
[EventCountry "ESP"]
[Source "lmi"]
[SourceDate "2003.11.21"]

1. d4 Nf6 2. Nf3 g6 3. c4 Bg7 4. Nc3 d5 5. Qb3 dxc4 6. Qxc4 O-O 7. Bf4 Na6 8.
e3 c5 9. Rd1 Qb6 10. Qb5 cxd4 11. Qxb6 axb6 12. Nxd4 Nc5 13. f3 1/2-1/2

[Event "Benidorm 2003 - sub2300"]
[Site "Benidorm ESP"]
[Date "2003.11.26"]
[Round "7.63"]
[White "Monmeneu Chulia, Victor"]
[Black "Beitia Amador, Ernest"]
[Result "1-0"]
[WhiteElo "2133"]
[BlackElo "2073"]
[PlyCount "109"]
[EventDate "2003.11.21"]
[EventType "swiss"]
[EventRounds "9"]
[EventCountry "ESP"]
[Source "lmi"]
[SourceDate "2003.11.21"]

1. e4 c6 2. Nc3 d5 3. f4 d4 4. Nce2 Bg4 5. h3 Bxe2 6. Qxe2 e6 7. Nf3 c5 8. c3
Nc6 9. b3 Be7 10. g3 dxc3 11. dxc3 Nf6 12. Bg2 O-O 13. O-O Qc7 14. e5 Nd5 15.
c4 Nb6 16. Bb2 Rfd8 17. Rad1 Rxd1 18. Rxd1 Rd8 19. Rxd8+ Nxd8 20. Nd2 Qd7 21.
Be4 Nc8 22. g4 Bf8 23. h4 Ne7 24. h5 Nec6 25. Nf3 h6 26. Bc2 Ne7 27. Qe4 g6 28.
Nh4 Qe8 29. hxg6 fxg6 30. Nxg6 Nxg6 31. Qxg6+ Qxg6 32. Bxg6 Nc6 33. Be4 Nd4 34.
Kf2 b6 35. Ke3 a5 36. f5 exf5 37. gxf5 Kf7 38. Bd5+ Ke8 39. Ke4 h5 40. f6 Kd7
41. Bc1 h4 42. Bf4 h3 43. Ke3 Ne6 44. Bxe6+ Kxe6 45. Kf3 Kf5 46. Kg3 Ke6 47.
Kxh3 Kf7 48. Kg4 Kg6 49. Bg5 b5 50. e6 Bd6 51. cxb5 a4 52. b6 axb3 53. axb3 Bb8
54. e7 Kf7 55. Bf4 1-0

[Event "Benidorm 2003 - sub2300"]
[Site "Benidorm ESP"]
[Date "2003.11.26"]
[Round "7.64"]
[White "Vilarnovo Caamano, Jose"]
[Black "Iglesias Valle, Enrique Rafael"]
[Result "1-0"]
[WhiteElo "2081"]
[BlackElo "2132"]
[PlyCount "63"]
[EventDate "2003.11.21"]
[EventType "swiss"]
[EventRounds "9"]
[EventCountry "ESP"]
[Source "lmi"]
[SourceDate "2003.11.21"]

1. e4 c5 2. Nf3 Nc6 3. d4 cxd4 4. Nxd4 Nf6 5. Nc3 e5 6. Ndb5 d6 7. Bg5 a6 8.
Na3 b5 9. Bxf6 gxf6 10. Nd5 f5 11. c3 Bg7 12. Bd3 Be6 13. O-O O-O 14. Qh5 fxe4
15. Bxe4 f5 16. Nf4 Bf7 17. Qxf5 Qh4 18. Bxc6 exf4 19. Bxa8 Rxa8 20. g3 Qh6 21.
Qxf4 Qxf4 22. gxf4 Bh6 23. f5 Bh5 24. f4 Bg4 25. Nc2 Bxf5 26. Ne3 Be4 27. Rad1
Rd8 28. Rd4 Bg6 29. Rfd1 Re8 30. Ng4 Bg7 31. Rxd6 b4 32. Nf6+ 1-0

[Event "Benidorm 2003 - sub2300"]
[Site "Benidorm ESP"]
[Date "2003.11.26"]
[Round "7.65"]
[White "Alonso Contreras, Mario El"]
[Black "Gimeno Martos, Roberto"]
[Result "1/2-1/2"]
[WhiteElo "2031"]
[BlackElo "2131"]
[PlyCount "41"]
[EventDate "2003.11.21"]
[EventType "swiss"]
[EventRounds "9"]
[EventCountry "ESP"]
[Source "lmi"]
[SourceDate "2003.11.21"]

1. e4 c5 2. c3 d5 3. exd5 Qxd5 4. d4 e6 5. Nf3 Nf6 6. Na3 Nc6 7. Nb5 Qd8 8.
dxc5 Bxc5 9. Qxd8+ Kxd8 10. Bf4 Nd5 11. O-O-O Ke7 12. Bg3 a6 13. Nbd4 Nxd4 14.
Nxd4 Bd7 15. Be2 Rhd8 16. Bf3 Bxd4 17. Rxd4 Bc6 18. Rhd1 Ke8 19. Bh5 g6 20. Be2
Ne7 21. Bf1 1/2-1/2

[Event "Benidorm 2003 - sub2300"]
[Site "Benidorm ESP"]
[Date "2003.11.26"]
[Round "7.66"]
[White "Martin Blanco, Fernando"]
[Black "Nicolaisen, Erik"]
[Result "1-0"]
[WhiteElo "2128"]
[BlackElo "2020"]
[PlyCount "77"]
[EventDate "2003.11.21"]
[EventType "swiss"]
[EventRounds "9"]
[EventCountry "ESP"]
[Source "lmi"]
[SourceDate "2003.11.21"]

1. e4 c5 2. c3 d5 3. exd5 Qxd5 4. d4 Nf6 5. Nf3 Bg4 6. Nbd2 e6 7. Bc4 Qd6 8.
Qb3 Qb6 9. Bb5+ Nbd7 10. Ne5 Bf5 11. Ndc4 Qc7 12. Nxd7 Nxd7 13. Ne5 Rd8 14. Qa4
cxd4 15. Bxd7+ Rxd7 16. Qxd7+ Qxd7 17. Nxd7 Kxd7 18. cxd4 Be4 19. f3 Bd5 20.
Bd2 Bd6 21. Kf2 Rc8 22. Rhc1 Rxc1 23. Rxc1 Bxa2 24. Ra1 Bd5 25. Rxa7 Ke7 26. g3
Kf6 27. Ba5 g6 28. Bb6 Bf8 29. Ra8 Bh6 30. f4 g5 31. Bd8+ Kf5 32. fxg5 Bxg5 33.
Bxg5 Kxg5 34. Rg8+ Kf6 35. Ke3 Bb3 36. Kf4 b5 37. Rg5 Bc4 38. b3 Bd5 39. Rh5
1-0

[Event "Benidorm 2003 - sub2300"]
[Site "Benidorm ESP"]
[Date "2003.11.26"]
[Round "7.67"]
[White "Debitsch, Rasmus"]
[Black "Ingunza Lopez, Txema"]
[Result "0-1"]
[WhiteElo "2124"]
[BlackElo "1997"]
[PlyCount "64"]
[EventDate "2003.11.21"]
[EventType "swiss"]
[EventRounds "9"]
[EventCountry "ESP"]
[Source "lmi"]
[SourceDate "2003.11.21"]

1. e4 d6 2. d4 Nf6 3. Nc3 g6 4. f3 Bg7 5. Be3 Nbd7 6. Qd2 O-O 7. O-O-O e5 8. d5
Nc5 9. h4 h5 10. Be2 Bd7 11. Nh3 a6 12. Nf2 b5 13. Bg5 Kh7 14. g4 Qc8 15. Rdg1
Rg8 16. Bxf6 Bxf6 17. gxh5 gxh5 18. f4 Bg4 19. Bxg4 hxg4 20. f5 g3 21. Qe2 Qf8
22. Ng4 Rxg4 23. Qxg4 Qh6+ 24. Kb1 Rg8 25. Qg5 Bxg5 26. hxg5 Rxg5 27. Rxh6+
Kxh6 28. b4 Nd7 29. Kc1 Kh5 30. Rh1+ Kg4 31. Rh7 Kf3 32. Kd2 Nf6 0-1

[Event "Benidorm 2003 - sub2300"]
[Site "Benidorm ESP"]
[Date "2003.11.26"]
[Round "7.69"]
[White "Gonzalez Aguirre, Luis"]
[Black "Ridameya Tatche, Jose"]
[Result "1-0"]
[WhiteElo "2241"]
[BlackElo "2076"]
[PlyCount "107"]
[EventDate "2003.11.21"]
[EventType "swiss"]
[EventRounds "9"]
[EventCountry "ESP"]
[Source "lmi"]
[SourceDate "2003.11.21"]

1. Nf3 d5 2. d4 Nf6 3. Bg5 e6 4. c3 Be7 5. Nbd2 c5 6. e3 Nc6 7. Bd3 O-O 8. Ne5
cxd4 9. exd4 Nd7 10. Bf4 f5 11. g4 Ncxe5 12. dxe5 Nc5 13. Bc2 Bg5 14. Bxg5 Qxg5
15. gxf5 Qf4 16. Nf3 exf5 17. h4 Be6 18. h5 Qh6 19. Qd2 f4 20. O-O-O Rad8 21.
Rdg1 Ne4 22. Qd4 Bf5 23. Kb1 b6 24. Nh4 Be6 25. Nf3 Bf5 26. Ka1 Qe6 27. Bb3 Nc5
28. Ng5 Nxb3+ 29. axb3 Qe7 30. e6 Rf6 31. h6 g6 32. Re1 Rff8 33. Re5 Qc5 34.
Rhe1 Qa5+ 35. Qa4 Qxa4+ 36. bxa4 Rfe8 37. e7 Rd6 38. Rd1 Bd7 39. b3 Bc6 40. Ne4
dxe4 41. Rxd6 Bb7 42. Rf6 f3 43. Kb2 Bc8 44. Rxe4 Bf5 45. Re5 Bd7 46. Kc2 a6
47. Rxb6 Kf7 48. Rxa6 Rc8 49. Ra7 Be8 50. Re3 g5 51. Rxf3+ Kg6 52. Ra6+ Kh5 53.
Rd6 Bg6+ 54. Rxg6 1-0

[Event "Benidorm 2003 - sub2300"]
[Site "Benidorm ESP"]
[Date "2003.11.26"]
[Round "7.71"]
[White "Alvarez Escudero, Manuel"]
[Black "Fernandez Garcia, Ignacio"]
[Result "1-0"]
[WhiteElo "2136"]
[BlackElo "2006"]
[PlyCount "95"]
[EventDate "2003.11.21"]
[EventType "swiss"]
[EventRounds "9"]
[EventCountry "ESP"]
[Source "lmi"]
[SourceDate "2003.11.21"]

1. e4 d6 2. d4 g6 3. c3 Bg7 4. Nf3 Nf6 5. Bd3 Nbd7 6. O-O c5 7. d5 Ng4 8. h3
Nge5 9. Nxe5 Nxe5 10. Bb5+ Bd7 11. Bxd7+ Nxd7 12. Nd2 b5 13. Nb3 a5 14. Be3 a4
15. Nd2 a3 16. Qb3 axb2 17. Rab1 O-O 18. Rxb2 b4 19. Nb1 bxc3 20. Nxc3 Qa5 21.
Bd2 Rfb8 22. Qc2 Rxb2 23. Qxb2 Bxc3 24. Bxc3 Qxa2 25. Qb7 Qa7 26. Rb1 f6 27.
Qc6 Qa4 28. Rb7 Kf7 29. Qxd7 Qxd7 30. Rxd7 Ra2 31. Kf1 Rc2 32. Ba5 Ra2 33. Ra7
f5 34. exf5 gxf5 35. Bb6 Rxa7 36. Bxa7 Kf6 37. f4 e6 38. dxe6 Kxe6 39. Ke2 Kd5
40. Ke3 Kc4 41. g4 fxg4 42. hxg4 Kd5 43. Bb6 Kc6 44. Bd8 Kd7 45. Bf6 Ke6 46.
Bb2 d5 47. f5+ Kd6 48. g5 1-0

[Event "Benidorm 2003 - sub2300"]
[Site "Benidorm ESP"]
[Date "2003.11.26"]
[Round "7.72"]
[White "Massa, Giovanni"]
[Black "Carrascosa Campos, Juan Luis"]
[Result "1-0"]
[WhiteElo "2136"]
[BlackElo "2006"]
[PlyCount "63"]
[EventDate "2003.11.21"]
[EventType "swiss"]
[EventRounds "9"]
[EventCountry "ESP"]
[Source "lmi"]
[SourceDate "2003.11.21"]

1. e4 Nf6 2. e5 Nd5 3. d4 d6 4. Nf3 dxe5 5. Nxe5 e6 6. c4 Nb6 7. Be3 N8d7 8.
Nf3 Nf6 9. h3 Bb4+ 10. Nbd2 Ne4 11. a3 Bxd2+ 12. Nxd2 Nxd2 13. Qxd2 h6 14. Be2
Nd7 15. O-O O-O 16. Rad1 Nf6 17. Bf3 c6 18. Rfe1 Qe7 19. Bf4 Rd8 20. Qe2 Qf8
21. Bc7 Rd7 22. Be5 Qd8 23. Qe3 Ne8 24. Be4 f5 25. Bf3 Rf7 26. d5 cxd5 27. cxd5
Qe7 28. Bc3 Qg5 29. Qxg5 hxg5 30. dxe6 Re7 31. Rd8 Kh7 32. Bb4 1-0

[Event "Benidorm 2003 - sub2300"]
[Site "Benidorm ESP"]
[Date "2003.11.26"]
[Round "7.73"]
[White "Pla Ferreres, Ismael"]
[Black "Garcia Galeote, Lorenzo"]
[Result "0-1"]
[WhiteElo "2046"]
[BlackElo "2134"]
[PlyCount "86"]
[EventDate "2003.11.21"]
[EventType "swiss"]
[EventRounds "9"]
[EventCountry "ESP"]
[Source "lmi"]
[SourceDate "2003.11.21"]

1. e4 Nc6 2. Nf3 d6 3. d4 Nf6 4. Nc3 Bg4 5. Be2 g6 6. h3 Bxf3 7. Bxf3 Bg7 8.
O-O O-O 9. Be3 e5 10. d5 Nb8 11. Qd2 Nbd7 12. Bh6 Ne8 13. Ne2 f5 14. Bxg7 Nxg7
15. c4 Nc5 16. Nc3 a5 17. Qc2 Qh4 18. Rae1 Rf7 19. Na4 fxe4 20. Bxe4 Nxa4 21.
Qxa4 b6 22. Qc2 Raf8 23. Re3 Nh5 24. a3 Qg5 25. b4 Rxf2 26. Rxf2 Qxe3 27. Bf3
Nf4 28. Kh2 Qxa3 29. bxa5 bxa5 30. Bg4 Qd3 31. Qa4 h5 32. Bd1 Qe3 33. Qc2 h4
34. Rf3 Qd4 35. Be2 Rf5 36. Bf1 e4 37. Rb3 Nh5 38. Be2 Rf2 39. Rb8+ Kh7 40. Rb7
Nf4 41. Rxc7+ Kh6 42. Qc1 Rxg2+ 43. Kh1 Rh2+ 0-1

[Event "Benidorm 2003 - sub2300"]
[Site "Benidorm ESP"]
[Date "2003.11.26"]
[Round "7.74"]
[White "Garcia Gata, Jorge David"]
[Black "Muelas Cerezuela, Jose"]
[Result "1-0"]
[WhiteElo "2055"]
[BlackElo "2128"]
[PlyCount "99"]
[EventDate "2003.11.21"]
[EventType "swiss"]
[EventRounds "9"]
[EventCountry "ESP"]
[Source "lmi"]
[SourceDate "2003.11.21"]

1. d4 e6 2. c4 Nf6 3. Nc3 Bb4 4. e3 Bxc3+ 5. bxc3 b6 6. Bd3 Nc6 7. Nf3 d6 8. e4
e5 9. O-O Nd7 10. Bg5 f6 11. Be3 Ba6 12. Nh4 Qe7 13. c5 Bxd3 14. cxd6 Qxd6 15.
Qxd3 Ne7 16. Qc4 Qc6 17. Qd3 Rd8 18. d5 Qa4 19. Rab1 O-O 20. c4 Nb8 21. Rfc1 c6
22. Qb3 Qxb3 23. axb3 Rd7 24. Rc2 Rfd8 25. Ra1 Nc8 26. Nf5 g6 27. Nh6+ Kg7 28.
h3 Nd6 29. f3 f5 30. Bg5 Rc8 31. Re2 Re8 32. Rae1 f4 33. Ng4 Rc7 34. Bf6+ Kg8
35. Bxe5 Rd8 36. Bxf4 Rb7 37. Bxd6 Rxd6 38. e5 Rd8 39. e6 h5 40. Nf6+ Kg7 41.
e7 Rxe7 42. Nxh5+ gxh5 43. Rxe7+ Kf8 44. d6 a5 45. Rh7 Kg8 46. Rxh5 Nd7 47. Re7
Nc5 48. Rh6 Nxb3 49. d7 Kf8 50. Rhh7 1-0

[Event "Benidorm 2003 - sub2300"]
[Site "Benidorm ESP"]
[Date "2003.11.26"]
[Round "7.75"]
[White "Straub, Peter"]
[Black "De Lagontrie, Jean"]
[Result "1-0"]
[WhiteElo "2128"]
[BlackElo "1993"]
[PlyCount "57"]
[EventDate "2003.11.21"]
[EventType "swiss"]
[EventRounds "9"]
[EventCountry "ESP"]
[Source "lmi"]
[SourceDate "2003.11.21"]

1. e4 c5 2. Nf3 Nc6 3. Bb5 g6 4. O-O Bg7 5. Nc3 Nd4 6. Nxd4 cxd4 7. Ne2 e5 8.
d3 Ne7 9. c3 O-O 10. cxd4 exd4 11. Bg5 Re8 12. Qd2 a6 13. Bc4 b5 14. Bb3 d6 15.
Nf4 Qd7 16. Bxe7 Qxe7 17. Nd5 Qd8 18. Rac1 Re5 19. Rc7 Be6 20. Rfc1 Bf8 21. Nb6
Rb8 22. Bxe6 Rxe6 23. Nd5 g5 24. Qe2 Rg6 25. Qf3 Rg7 26. Qf6 Qe8 27. Qf5 Qe6
28. Nf6+ Kh8 29. Rc8 1-0